Desnacionalización y orientación global. La apertura de la sociología. Desnationalization and global orientation: The Opening of sociology /

Enregistré dans:
Détails bibliographiques
Auteur principal: Llopis Goig, Ramón
Format: Texte
Sujets:
Tags: Ajouter un tag
Pas de tags, Soyez le premier à ajouter un tag!

MARC

LEADER 00000 a a2200000 04500
001 7354
003
040
100 |a Llopis Goig, Ramón  
245 |a Desnacionalización y orientación global. La apertura de la sociología. Desnationalization and global orientation: The Opening of sociology /  |c Ramón Llopis Goig 
650 |a NACIONALISMO  
650 |a MIGRACION  
650 |a DESIGUALDAD SOCIAL  
650 |a GLOBALIZACION  
650 |a METODOLOGIA  
650 |a SOCIOLOGIA  
773 |g volumen 16, número 2; páginas 197-208  
999 |c 20630  |d 20630